Technická infrastruktura měst a sídel /

Gespeichert in:
Bibliographische Detailangaben
Hauptverfasser: Vyoralová, Zuzana (Verfasst von), Hrdlička, Petr (Verfasst von)
Format: Buch
Sprache:Tschechisch
Veröffentlicht: Praha : Česká technika - nakladatelství ČVUT, 2013
Ausgabe:1. vydanie
Schlagworte:
Tags: Tag hinzufügen
Keine Tags, Fügen Sie das erste Tag hinzu!

MARC

LEADER 00000nam a22000003a 4500
001 0071942
003 SK-STU
005 20190429152150.3
007 ta
008 190225s ----xo-----e------000-0-----d
020 |a 978-80-01-05202-0 
040 |a STU  |b slo 
041 0 |a cze 
044 |a xr 
100 1 |a Vyoralová, Zuzana  |4 aut 
245 1 0 |a Technická infrastruktura měst a sídel /  |c aut. Zuzana Vyoralová, Petr Hrdlička 
250 |a 1. vydanie 
260 |a Praha :  |b Česká technika - nakladatelství ČVUT,  |c 2013 
300 |a 156 s. 
650 0 7 |a vodovodné inštalácie 
650 0 7 |a vodovodné siete 
650 0 7 |a čistenie odpadových vôd 
650 0 7 |a energetické distribučné siete 
650 0 7 |a mestá 
650 0 7 |a Telekomunikácie 
650 0 7 |a odpadové hospodárstvo 
700 1 |a Hrdlička, Petr  |4 aut 
996 |b 284AS03772  |c A* 11183/S  |l AAKNAR  |s A  |a 24  |w 0071942_0001